| 000 | 00701nam a2200217 i 4500 | ||
|---|---|---|---|
| 001 | 187486 | ||
| 003 | ES-MaACL | ||
| 005 | 20250612063108.0 | ||
| 008 | 170823s1989 sp |||| | spa d | ||
| 080 | _a84-7273-140-5 | ||
| 100 | 1 |
_aGil, Bonifacio, _d1898-1964 _956719 |
|
| 245 | 1 | 0 |
_aCancionero popular / _cBonifacio Gil y Manuel García-Matos. |
| 260 |
_aMadrid : _bGiner, _c1989. |
||
| 300 |
_a923 p. : _bil., mús. ; _c28 cm. |
||
| 490 | 1 |
_aEnciclopedia de Madrid ; _v3 |
|
| 650 | 4 |
_aCanciones populares- _zMadrid. _9163538 |
|
| 700 | 0 |
_aGarcía Matos, Manuel. _954926 |
|
| 830 | 0 |
_aEnciclopedia de Madrid ; _v3 _9188720 |
|
| 852 |
_aES-MaACL _jP-606 (3) |
||
| 999 |
_c187486 _d187486 |
||